[Event "3. Campeonato de la Unión Europea"]
[Site "Arvier ITA"]
[Date "2007.06.19"]
[Round "5.34"]
[White "Fraser-Mitchell, Jeremy N"]
[Black "Cavatorta, Ivan"]
[Result "1-0"]
[WhiteElo "2084"]
[BlackElo "1878"]
[PlyCount "117"]
[EventDate "2007.06.15"]
[EventType "swiss"]
[EventRounds "10"]
[EventCountry "ITA"]
[Source "lmi"]
[SourceDate "2007.06.15"]

1. d4 e6 2. e4 d5 3. Be3 dxe4 4. f3 exf3 5. Nxf3 Nc6 6. Nc3 Nf6 7. Bc4 Nd5 8.
Qd2 Nxc3 9. bxc3 Na5 10. Bd3 Qd5 11. O-O f6 12. Qe2 Be7 13. Nd2 g6 14. Be4 Qd7
15. Bh6 Bf8 16. Qe3 Bxh6 17. Qxh6 Qf7 18. Nf3 Qf8 19. Qh4 f5 20. Bd3 Qe7 21.
Qf4 Qd6 22. Qh6 Qf8 23. Qe3 Qd6 24. Rae1 O-O 25. Qh6 Qe7 26. Ng5 Qg7 27. Qh4
Re8 28. d5 e5 29. Qa4 Qe7 30. Qh4 Qg7 31. Qa4 Qe7 32. Qxa5 Qxg5 33. Qxc7 f4 34.
Be4 Qd8 35. Qxd8 Rxd8 36. c4 b6 37. Bd3 Re8 38. Rxf4 exf4 39. Rxe8+ Kf7 40. Re4
g5 41. Re1 Ba6 42. Bxh7 Bxc4 43. d6 Rd8 44. Re7+ Kf6 45. Rxa7 Rxd6 46. h3 Rd1+
47. Kh2 Bd5 48. Rd7 Rd2 49. Be4 Ke5 50. Bf3 Ke6 51. Rd8 Ke5 52. c4 Bxf3 53.
Rxd2 Bc6 54. Rb2 Kd4 55. Rxb6 Be4 56. Rb4 Ke3 57. c5 Bd5 58. Rb2 Be4 59. a4 1-0

[Event "3. Campeonato de la Unión Europea"]
[Site "Arvier ITA"]
[Date "2007.06.19"]
[Round "5.35"]
[White "Foisor, Mihaela Veronica"]
[Black "Llaneza Vega, Marcos"]
[Result "1/2-1/2"]
[WhiteElo "1980"]
[BlackElo "2455"]
[PlyCount "129"]
[EventDate "2007.06.15"]
[EventType "swiss"]
[EventRounds "10"]
[EventCountry "ITA"]
[Source "lmi"]
[SourceDate "2007.06.15"]

1. d4 Nf6 2. c4 g6 3. Nc3 d5 4. e3 Bg7 5. Nf3 O-O 6. b4 c6 7. Bb2 a5 8. a3 Nbd7
9. Be2 dxc4 10. Bxc4 Nb6 11. Bd3 Bg4 12. h3 axb4 13. axb4 Rxa1 14. Bxa1 Bxf3
15. Qxf3 Nfd5 16. Nxd5 Nxd5 17. O-O Nxb4 18. Bc4 Nd5 19. Rb1 Qa5 20. e4 Nf6 21.
Bc3 Qa4 22. Rb4 Qa3 23. Rxb7 Nxe4 24. Qxe4 Qxc3 25. Qxc6 Qc1+ 26. Kh2 Qf4+ 27.
Kg1 Bxd4 28. Qf3 Qc1+ 29. Bf1 Bc5 30. Rd7 Bd6 31. Ra7 Kg7 32. Qe3 Qxe3 33. fxe3
Bc5 34. Rc7 Bxe3+ 35. Kh1 Bg5 36. Bc4 Rb8 37. Bd3 Rb3 38. Rd7 Bf4 39. Kg1 Bd6
40. Be2 Bc5+ 41. Kf1 Kf6 42. Rd3 Rb1+ 43. Bd1 e5 44. Ke2 Rb2+ 45. Rd2 Rb7 46.
Kf3 Ke6 47. g4 Rb4 48. Rc2 Kd5 49. Re2 Rf4+ 50. Kg3 Bb4 51. Bb3+ Kd4 52. Kg2 e4
53. Rf2 Rxf2+ 54. Kxf2 Kd3 55. Ba4 e3+ 56. Kf3 Bc5 57. Bb5+ Kd4 58. Be8 f6 59.
h4 Ke5 60. h5 f5 61. g5 gxh5 62. Bxh5 Kd4 63. g6 hxg6 64. Bxg6 Kd3 65. Be8
1/2-1/2

[Event "3. Campeonato de la Unión Europea"]
[Site "Arvier ITA"]
[Date "2007.06.19"]
[Round "5.36"]
[White "Brancaleoni, Maurizio"]
[Black "Frank, Albert"]
[Result "1-0"]
[WhiteElo "2263"]
[BlackElo "1987"]
[PlyCount "47"]
[EventDate "2007.06.15"]
[EventType "swiss"]
[EventRounds "10"]
[EventCountry "ITA"]
[Source "lmi"]
[SourceDate "2007.06.15"]

1. d4 e6 2. c4 b6 3. Nc3 Bb7 4. a3 d6 5. e4 Nd7 6. Bd3 Ne7 7. Nge2 h6 8. Be3 a6
9. O-O g6 10. f4 Bg7 11. f5 gxf5 12. exf5 Nxf5 13. Bxf5 exf5 14. Ng3 Rg8 15.
Qe2 Kf8 16. Nxf5 Bxd4 17. Nxd4 Rxg2+ 18. Qxg2 Bxg2 19. Ne6+ Kg8 20. Nxd8 Bxf1
21. Rxf1 Rxd8 22. Nd5 Re8 23. Bxh6 Re6 24. Bd2 1-0

[Event "3. Campeonato de la Unión Europea"]
[Site "Arvier ITA"]
[Date "2007.06.19"]
[Round "5.37"]
[White "Ocantos, Manuel"]
[Black "Stojanovic, Vojislav"]
[Result "1-0"]
[WhiteElo "2178"]
[BlackElo "1911"]
[PlyCount "85"]
[EventDate "2007.06.15"]
[EventType "swiss"]
[EventRounds "10"]
[EventCountry "ITA"]
[Source "lmi"]
[SourceDate "2007.06.15"]

1. e4 e5 2. Nf3 Nf6 3. Nxe5 d6 4. Nf3 Nxe4 5. d4 Be7 6. Bd3 Ng5 7. h3 O-O 8.
O-O Nxf3+ 9. Qxf3 Bg5 10. Nc3 Bxc1 11. Raxc1 Be6 12. Qxb7 Nd7 13. Qf3 Nf6 14.
Ne4 Nxe4 15. Qxe4 g6 16. Qf4 f5 17. h4 Qf6 18. Rfe1 Kg7 19. Re3 h6 20. Rce1 Bd7
21. Re7+ Rf7 22. Qe3 Raf8 23. Bc4 f4 24. Qe4 Bf5 25. Rxf7+ Rxf7 26. Qe8 Rf8 27.
Qe7+ Qxe7 28. Rxe7+ Kf6 29. Rxc7 Bxc2 30. Rxa7 g5 31. hxg5+ Kxg5 32. f3 Re8 33.
Kf2 d5 34. Ra5 Kh4 35. Bxd5 Bd3 36. Be4 Bxe4 37. fxe4 Rxe4 38. Rd5 Kg4 39. a4
Re8 40. Re5 Rb8 41. Re2 Rb4 42. Rd2 Rxa4 43. d5 1-0

[Event "3. Campeonato de la Unión Europea"]
[Site "Arvier ITA"]
[Date "2007.06.19"]
[Round "5.39"]
[White "Motzer, Heinrich"]
[Black "Innocenti, Luca"]
[Result "0-1"]
[WhiteElo "2021"]
[BlackElo "1894"]
[PlyCount "120"]
[EventDate "2007.06.15"]
[EventType "swiss"]
[EventRounds "10"]
[EventCountry "ITA"]
[Source "lmi"]
[SourceDate "2007.06.15"]

1. c4 c5 2. Nc3 Nc6 3. g3 g6 4. Bg2 Bg7 5. e4 d6 6. Nge2 Bg4 7. f3 Bd7 8. d3
Nd4 9. Be3 e6 10. O-O Ne7 11. Rb1 Nec6 12. a3 a5 13. b3 O-O 14. f4 f5 15. Qd2
Qe7 16. Kh1 Rae8 17. Bg1 h6 18. Nxd4 Nxd4 19. b4 axb4 20. axb4 cxb4 21. Rxb4
Bc6 22. Rbb1 Kh8 23. Be3 Bf6 24. Qf2 Qg7 25. Nb5 Bxb5 26. cxb5 Rc8 27. e5 dxe5
28. Bxd4 exd4 29. Qf3 b6 30. Rfe1 e5 31. fxe5 Bxe5 32. Qb7 Qxb7 33. Bxb7 Rc5
34. Bc6 f4 35. gxf4 Rxf4 36. Rbc1 Rxc1 37. Rxc1 Rf2 38. Be4 Rxh2+ 39. Kg1 Rb2
40. Rc6 Rxb5 41. Rxg6 Bf4 42. Rf6 Bg5 43. Rf7 Rb2 44. Kf1 b5 45. Rf2 Rxf2+ 46.
Kxf2 b4 47. Bd5 Kg7 48. Kf3 h5 49. Ke4 Be3 50. Kf5 Kh6 51. Bf7 h4 52. Kg4 Bf2
53. Kf3 Kg7 54. Bd5 Be3 55. Kg4 Kf6 56. Kxh4 Ke5 57. Bc4 Kf4 58. Bd5 Bc1 59.
Kh3 Ke3 60. Kg2 Kxd3 0-1

[Event "3. Campeonato de la Unión Europea"]
[Site "Arvier ITA"]
[Date "2007.06.19"]
[Round "5.40"]
[White "Turturici, Pellegrino"]
[Black "Russo, Carmelo"]
[Result "1-0"]
[WhiteElo "2010"]
[BlackElo "1665"]
[PlyCount "71"]
[EventDate "2007.06.15"]
[EventType "swiss"]
[EventRounds "10"]
[EventCountry "ITA"]
[Source "lmi"]
[SourceDate "2007.06.15"]

1. Nf3 Nf6 2. g3 c5 3. Bg2 Nc6 4. c4 g6 5. Nc3 Bg7 6. d3 O-O 7. O-O d6 8. Bg5
h6 9. Bd2 Rb8 10. Rb1 a6 11. Qc1 Kh7 12. Re1 b5 13. Ng5+ hxg5 14. Bxc6 bxc4 15.
dxc4 g4 16. Ne4 Nxe4 17. Bxe4 Bb7 18. Bxb7 Rxb7 19. Qc2 Qd7 20. e4 Rfb8 21. b3
Bd4 22. Be3 Be5 23. Rbd1 Qe6 24. Qe2 Bc3 25. Bd2 Be5 26. Qe3 Rh8 27. Bc3 Qf6
28. Bxe5 Qxe5 29. Rd5 Qb2 30. Qf4 e5 31. Qxg4 Qxa2 32. Rxd6 Kg7 33. Qg5 Rxh2
34. Qf6+ Kh7 35. Kxh2 Qxb3 36. Kg2 1-0

[Event "3. Campeonato de la Unión Europea"]
[Site "Arvier ITA"]
[Date "2007.06.19"]
[Round "5.41"]
[White "Cross, Ian"]
[Black "Campbell, Ian"]
[Result "1/2-1/2"]
[WhiteElo "1890"]
[BlackElo "1996"]
[PlyCount "26"]
[EventDate "2007.06.15"]
[EventType "swiss"]
[EventRounds "10"]
[EventCountry "ITA"]
[Source "lmi"]
[SourceDate "2007.06.15"]

1. d4 Nf6 2. e3 d6 3. Bd3 g6 4. f4 Bg7 5. Nf3 c5 6. c3 O-O 7. O-O Nc6 8. Nbd2
Qc7 9. Qe1 a6 10. Ne4 cxd4 11. exd4 e6 12. Bd2 b5 13. Qh4 Qe7 1/2-1/2

[Event "3. Campeonato de la Unión Europea"]
[Site "Arvier ITA"]
[Date "2007.06.19"]
[Round "5.42"]
[White "Agrest, Anton"]
[Black "Pipitone, Antonio"]
[Result "0-1"]
[WhiteElo "1350"]
[BlackElo "1994"]
[PlyCount "92"]
[EventDate "2007.06.15"]
[EventType "swiss"]
[EventRounds "10"]
[EventCountry "ITA"]
[Source "lmi"]
[SourceDate "2007.06.15"]

1. b4 e5 2. Bb2 Bxb4 3. Bxe5 Nf6 4. e3 Nc6 5. Bb2 O-O 6. Nf3 d5 7. a3 Bd6 8. c4
Be6 9. Qc2 dxc4 10. Bxc4 Bxc4 11. Qxc4 Qe7 12. O-O Ne5 13. Nxe5 Bxe5 14. d4 Bd6
15. Nd2 c6 16. Rfe1 Qc7 17. Nf3 Rae8 18. h3 h6 19. Qd3 Qe7 20. Re2 Nd5 21. Qf5
g6 22. Qd3 Nf4 23. exf4 Qxe2 24. Qxe2 Rxe2 25. Bc3 Bxf4 26. Rb1 Rc2 27. Bb4 Re8
28. g3 Rc1+ 29. Rxc1 Bxc1 30. Kg2 Bb2 31. g4 Re4 32. Bc5 b6 33. Bd6 Bxd4 34.
Bb8 a6 35. Nxd4 Rxd4 36. Ba7 Ra4 37. Bxb6 Rxa3 38. Be3 Kg7 39. Bc5 Rb3 40. Bd4+
f6 41. f3 Kf7 42. Kf2 a5 43. Be3 g5 44. Bd2 a4 45. Kg3 a3 46. h4 a2 0-1

[Event "3. Campeonato de la Unión Europea"]
[Site "Arvier ITA"]
[Date "2007.06.19"]
[Round "5.43"]
[White "Astengo, Marcello"]
[Black "Dritsakos, Alessio"]
[Result "1-0"]
[WhiteElo "2061"]
[BlackElo "1506"]
[PlyCount "65"]
[EventDate "2007.06.15"]
[EventType "swiss"]
[EventRounds "10"]
[EventCountry "ITA"]
[Source "lmi"]
[SourceDate "2007.06.15"]

1. d4 d5 2. c4 c6 3. Nc3 Nf6 4. Nf3 e6 5. Bf4 Bd6 6. Ne5 Nh5 7. Bd2 Nf6 8. e3
Qc7 9. f4 Nbd7 10. Rc1 O-O 11. Qf3 Bb4 12. Bd3 Bxc3 13. bxc3 Nxe5 14. fxe5 Ne8
15. cxd5 exd5 16. c4 Be6 17. Bb4 dxc4 18. Bxc4 Bxc4 19. Rxc4 c5 20. O-O f6 21.
Qd5+ Rf7 22. e6 Re7 23. Bxc5 Rd8 24. Bxe7 Rxd5 25. Rxc7 Nxc7 26. Bc5 b6 27. e4
Rg5 28. Bd6 Nxe6 29. d5 Nd4 30. Rd1 Nc2 31. Bf4 Rg4 32. d6 Rxf4 33. d7 1-0

[Event "3. Campeonato de la Unión Europea"]
[Site "Arvier ITA"]
[Date "2007.06.19"]
[Round "5.44"]
[White "Miatello, Alberto"]
[Black "Iacchetti, Giovanni"]
[Result "1-0"]
[WhiteElo "2062"]
[BlackElo "1917"]
[PlyCount "63"]
[EventDate "2007.06.15"]
[EventType "swiss"]
[EventRounds "10"]
[EventCountry "ITA"]
[Source "lmi"]
[SourceDate "2007.06.15"]

1. e4 c6 2. d4 Na6 3. c4 d6 4. Nc3 g6 5. Nf3 Bg7 6. Be3 Nf6 7. h3 Nc7 8. Qd2 h6
9. Bd3 Bd7 10. e5 dxe5 11. dxe5 Ng8 12. Rd1 Ne6 13. Ne4 Qc7 14. Qc3 h5 15. O-O
Nh6 16. Neg5 O-O 17. Qc2 Nxg5 18. Bxg5 Bf5 19. Bxh6 Bxd3 20. Qxd3 Bxh6 21. e6
Kh7 22. Qd7 Rac8 23. Rfe1 Bf4 24. g3 Bxg3 25. Ng5+ Kg8 26. exf7+ Rxf7 27. Qxc7
Bxf2+ 28. Kg2 Rxc7 29. Rf1 Rf5 30. Rd8+ Rf8 31. Rxf8+ Kxf8 32. Ne6+ 1-0

[Event "3. Campeonato de la Unión Europea"]
[Site "Arvier ITA"]
[Date "2007.06.19"]
[Round "5.45"]
[White "Testa, Adriano"]
[Black "Occhipinti, Massimo"]
[Result "1-0"]
[WhiteElo "1907"]
[BlackElo "2020"]
[PlyCount "221"]
[EventDate "2007.06.15"]
[EventType "swiss"]
[EventRounds "10"]
[EventCountry "ITA"]
[Source "lmi"]
[SourceDate "2007.06.15"]

1. e4 c5 2. Nf3 a6 3. c3 e6 4. d4 d5 5. e5 Nc6 6. Bd3 Qb6 7. O-O cxd4 8. cxd4
Bd7 9. Bc2 Nge7 10. a3 Na5 11. Nc3 Ng6 12. Re1 Rc8 13. Ne2 Qc7 14. Bb1 b5 15.
b3 Be7 16. Be3 Nc6 17. Qd3 Qa5 18. Bd2 Qb6 19. Ng3 h5 20. Qe3 Nh4 21. Nxh4 Bxh4
22. Ne2 Be7 23. Qf4 b4 24. a4 a5 25. h4 Qd8 26. g3 Qb6 27. Kg2 Qa7 28. Be3 Bd8
29. Bd3 Ne7 30. Rac1 Rc6 31. Rxc6 Bxc6 32. Ng1 Ng6 33. Qf3 Qd7 34. Rc1 O-O 35.
Qxh5 Bb6 36. Bxg6 fxg6 37. Qxg6 Qe8 38. Qxe8 Bxe8 39. Rc8 Bd7 40. Rxf8+ Kxf8
41. Ne2 Bc8 42. Nf4 Kf7 43. Kf1 Ba6+ 44. Ke1 Bd8 45. Nh3 Bd3 46. Kd2 Bf5 47.
Ng1 Be4 48. Ne2 Bb6 49. Ng1 Kg6 50. Ne2 Bb1 51. Kc1 Bf5 52. Kd2 Kf7 53. f3 Bh7
54. Ng1 Bb1 55. Nh3 Bc7 56. Nf2 Bb6 57. Nh1 Bd8 58. Nf2 Bc7 59. Nd3 Ke7 60.
Bg5+ Kf7 61. Nc5 Bh7 62. Nb7 Ke8 63. Nc5 Bg8 64. Nb7 Bb6 65. Nc5 Kf7 66. Be3
Ke8 67. Nd3 Kf7 68. Nf4 Bd8 69. Nh3 Kg6 70. Bg5 Bb6 71. Nf4+ Kf7 72. Ne2 Bh7
73. g4 Bb1 74. Be3 Bh7 75. Ng3 Bd8 76. Bg5 Bb6 77. Ne2 Bb1 78. Ke3 Bc2 79. Nc1
Bd1 80. Bf4 Kg6 81. Bg3 Ba7 82. Bf2 Bb6 83. Kf4 Bd8 84. Kg3 Bb6 85. f4 Bc2 86.
Be3 Bd8 87. Kh3 Be7 88. Bf2 Bd8 89. Kg3 Bb6 90. f5+ exf5 91. h5+ Kf7 92. g5 g6
93. h6 Bd8 94. Be3 Kg8 95. Bf4 Bb6 96. Be3 Bd8 97. Kf3 Bd1+ 98. Kf2 Bb6 99. Ke1
Bc2 100. Kd2 Bb1 101. Ne2 Bd8 102. Ng1 Be4 103. Ne2 Kh7 104. Nc1 Be7 105. Ne2
Bf3 106. Bf4 Be4 107. Nc1 Bd8 108. Nd3 Bxd3 109. Kxd3 Kg8 110. e6 Kf8 111. Bd6+
1-0

[Event "3. Campeonato de la Unión Europea"]
[Site "Arvier ITA"]
[Date "2007.06.19"]
[Round "5.46"]
[White "Squarci, Franco"]
[Black "Marguerettaz, Davy"]
[Result "0-1"]
[WhiteElo "1863"]
[BlackElo "2005"]
[PlyCount "112"]
[EventDate "2007.06.15"]
[EventType "swiss"]
[EventRounds "10"]
[EventCountry "ITA"]
[Source "lmi"]
[SourceDate "2007.06.15"]

1. d4 e6 2. Nf3 d5 3. Bf4 Nf6 4. Nbd2 c5 5. c3 Nc6 6. e3 Qb6 7. Qb3 c4 8. Qxb6
axb6 9. Ne5 Bd7 10. Be2 Be7 11. O-O b5 12. Ndf3 O-O 13. g4 Nxe5 14. Nxe5 Bc6
15. Bg5 Ra7 16. h4 Rfa8 17. a3 b4 18. cxb4 Bxb4 19. Bxf6 gxf6 20. Nxc6 bxc6 21.
Rac1 Bf8 22. Rc3 Rb8 23. Rc2 Rab7 24. Ra1 Rxb2 25. Rxb2 Rxb2 26. Bd1 Bxa3 27.
Rxa3 Rb1 28. h5 Rxd1+ 29. Kg2 Kg7 30. Kf3 Rd3 31. Ra2 e5 32. dxe5 fxe5 33. g5
c3 34. Ra6 c5 35. Kg4 c2 36. Kf5 c1=Q 37. h6+ Kf8 38. Kf6 Ke8 39. Ra8+ Kd7 40.
Ra7+ Kc6 41. Kg7 Qc2 42. Rxf7 Ra3 43. Rf6+ Kb5 44. f4 Ra7+ 45. Kg8 exf4 46.
exf4 Ra6 47. Rf8 Qg6+ 48. Kh8 Ra7 49. Rg8 Qf7 50. f5 Qxf5 51. g6 Qxg6 52. Rb8+
Kc4 53. Rb4+ Kc3 54. Rc4+ Kb2 55. Rb4+ Kc1 56. Rg4 Ra8# 0-1

[Event "3. Campeonato de la Unión Europea"]
[Site "Arvier ITA"]
[Date "2007.06.19"]
[Round "5.47"]
[White "Chierici, Marianna"]
[Black "Fox, Pierre"]
[Result "1-0"]
[WhiteElo "1996"]
[BlackElo "1832"]
[PlyCount "61"]
[EventDate "2007.06.15"]
[EventType "swiss"]
[EventRounds "10"]
[EventCountry "ITA"]
[Source "lmi"]
[SourceDate "2007.06.15"]

1. e4 e5 2. Bc4 Nf6 3. d3 h6 4. f4 Nc6 5. Nf3 d6 6. Nc3 Bg4 7. h3 Bxf3 8. Qxf3
Nd4 9. Qf2 c6 10. a3 Be7 11. Be3 O-O 12. Bxd4 exd4 13. Ne2 b5 14. Ba2 c5 15.
O-O Nh7 16. Qf3 Rc8 17. e5 dxe5 18. fxe5 Ng5 19. Qg4 Rc6 20. Nf4 c4 21. dxc4
bxc4 22. h4 Ne6 23. Nxe6 fxe6 24. Bxc4 Qc8 25. Bd3 Qe8 26. Bb5 d3 27. Rxf8+
Bxf8 28. Qe4 Bc5+ 29. Kh1 Qd8 30. Bxc6 dxc2 31. Ba4 1-0

[Event "3. Campeonato de la Unión Europea"]
[Site "Arvier ITA"]
[Date "2007.06.19"]
[Round "5.48"]
[White "De Marco, Walter"]
[Black "Varinelli, Sara"]
[Result "1-0"]
[WhiteElo "1992"]
[BlackElo "1694"]
[PlyCount "87"]
[EventDate "2007.06.15"]
[EventType "swiss"]
[EventRounds "10"]
[EventCountry "ITA"]
[Source "lmi"]
[SourceDate "2007.06.15"]

1. b3 d5 2. Bb2 c5 3. f4 Nc6 4. Nf3 e6 5. e3 Nf6 6. Bb5 Bd7 7. O-O a6 8. Bxc6
Bxc6 9. Ne5 Rc8 10. d3 d4 11. e4 h5 12. a4 Nd7 13. Nxc6 Rxc6 14. Nd2 Nf6 15.
Bc1 Ng4 16. Nf3 g6 17. Qe2 Qe7 18. h3 Nf6 19. Ba3 Qc7 20. Ne5 Rd6 21. Rae1 Rd8
22. Bc1 Bh6 23. Qf2 Nd7 24. Nxd7 Rxd7 25. Qh4 Qd8 26. Qg3 Re7 27. Kh1 Qd6 28.
Qf3 f5 29. Bd2 Kf7 30. exf5 exf5 31. Rxe7+ Qxe7 32. Qd5+ Kf8 33. Re1 Qc7 34.
Qe6 Qf7 35. Qd6+ Kg8 36. Re7 Bf8 37. Rxf7 Bxd6 38. Rxb7 Rh7 39. Rb6 Bc7 40.
Rxg6+ Kh8 41. Rxa6 Re7 42. Ra7 Re2 43. Rxc7 Rxd2 44. Rxc5 1-0

[Event "3. Campeonato de la Unión Europea"]
[Site "Arvier ITA"]
[Date "2007.06.19"]
[Round "5.49"]
[White "Garofalo, Sergio"]
[Black "Colombrini, Adolfo"]
[Result "0-1"]
[WhiteElo "1812"]
[BlackElo "1972"]
[PlyCount "74"]
[EventDate "2007.06.15"]
[EventType "swiss"]
[EventRounds "10"]
[EventCountry "ITA"]
[Source "lmi"]
[SourceDate "2007.06.15"]

1. d4 Nf6 2. Nf3 g6 3. g3 d5 4. Na3 Bg7 5. c3 O-O 6. Bg2 c6 7. h3 Re8 8. Nc2
Nbd7 9. O-O e5 10. dxe5 Nxe5 11. Nxe5 Rxe5 12. Bf4 Re8 13. Re1 Bf5 14. g4 Be4
15. f3 Bxc2 16. Qxc2 Qb6+ 17. Kf1 d4 18. c4 Qc5 19. Qd3 Rad8 20. Bd2 Qb6 21.
Rab1 Nd7 22. f4 Nc5 23. Qg3 Ne4 24. Bxe4 Rxe4 25. b4 Qa6 26. Qd3 Rde8 27. a4
Qb6 28. c5 Qd8 29. Rbd1 Qh4 30. Qf3 Re3 31. Bxe3 Rxe3 32. Qf2 Rg3 33. e4 Qxh3+
34. Ke2 Qxg4+ 35. Kd2 Rg2 36. Qxg2 Qxg2+ 37. Re2 Qf3 0-1

[Event "3. Campeonato de la Unión Europea"]
[Site "Arvier ITA"]
[Date "2007.06.19"]
[Round "5.51"]
[White "Brachten, Ron"]
[Black "Giacometto, Mario"]
[Result "1/2-1/2"]
[WhiteElo "1604"]
[BlackElo "1931"]
[PlyCount "79"]
[EventDate "2007.06.15"]
[EventType "swiss"]
[EventRounds "10"]
[EventCountry "ITA"]
[Source "lmi"]
[SourceDate "2007.06.15"]

1. e4 d6 2. Nf3 g6 3. Bc4 Bg7 4. d4 Nf6 5. Nc3 O-O 6. O-O Nxe4 7. Nxe4 d5 8.
Bd3 dxe4 9. Bxe4 Na6 10. c3 c6 11. Be3 Nc7 12. Qc1 Re8 13. Re1 Be6 14. c4 Qc8
15. Qc2 f6 16. Rac1 Bf7 17. b3 a5 18. Qd2 Qd7 19. Qc2 Na6 20. a3 Rac8 21. Rcd1
f5 22. Bd3 c5 23. Ne5 Qc7 24. Nxf7 Kxf7 25. d5 e5 26. dxe6+ Rxe6 27. Be2 f4 28.
Bc1 Rce8 29. f3 Bd4+ 30. Kf1 Qe5 31. Bd2 Qxe2+ 32. Rxe2 Rxe2 33. Qc1 Rf2+ 34.
Kg1 Ree2 35. Bxf4 Rxg2+ 36. Kh1 Rc2 37. Qb1 g5 38. Bg3 h5 39. Rc1 Rxc1+ 40.
Qxc1 1/2-1/2

[Event "3. Campeonato de la Unión Europea"]
[Site "Arvier ITA"]
[Date "2007.06.19"]
[Round "5.52"]
[White "Bogatto, Mario"]
[Black "Bisignano, Giuseppe"]
[Result "0-1"]
[WhiteElo "1528"]
[BlackElo "1928"]
[PlyCount "58"]
[EventDate "2007.06.15"]
[EventType "swiss"]
[EventRounds "10"]
[EventCountry "ITA"]
[Source "lmi"]
[SourceDate "2007.06.15"]

1. c4 e5 2. Nc3 Nc6 3. Nf3 Nf6 4. a3 a5 5. e3 h6 6. d4 exd4 7. exd4 d5 8. cxd5
Nxd5 9. Nxd5 Qxd5 10. Be3 Bd6 11. Be2 O-O 12. O-O Bd7 13. Qd2 a4 14. Bxh6 gxh6
15. Qxh6 Nxd4 16. Nxd4 Qxd4 17. Rfd1 Qg7 18. Qxg7+ Kxg7 19. Bf3 Rh8 20. g3 Ra5
21. Rd5 Rxd5 22. Bxd5 Re8 23. Bf3 Re5 24. h4 Rb5 25. Be4 f5 26. Bd3 Rxb2 27. f4
Bc5+ 28. Kf1 Rh2 29. Re1 Rf2+ 0-1

[Event "3. Campeonato de la Unión Europea"]
[Site "Arvier ITA"]
[Date "2007.06.20"]
[Round "6.1"]
[White "Borgo, Giulio"]
[Black "Sedlak, Nikola"]
[Result "0-1"]
[WhiteElo "2418"]
[BlackElo "2575"]
[PlyCount "114"]
[EventDate "2007.06.15"]
[EventType "swiss"]
[EventRounds "10"]
[EventCountry "ITA"]
[Source "lmi"]
[SourceDate "2007.06.15"]

1. e4 c5 2. Nf3 e6 3. c4 Nc6 4. Nc3 g5 5. d3 g4 6. Nd2 h5 7. Nb3 b6 8. d4 cxd4
9. Nxd4 Bb7 10. Be3 Nf6 11. Qd2 Bb4 12. f3 Rc8 13. a3 Be7 14. Nxc6 dxc6 15. Bd3
Nd7 16. O-O-O Nc5 17. Qe2 gxf3 18. gxf3 Qc7 19. f4 Nxd3+ 20. Qxd3 Rd8 21. Qe2
c5 22. Rxd8+ Kxd8 23. Rd1+ Ke8 24. Qg2 a6 25. Qg7 Rf8 26. f5 Qxh2 27. f6 Bd6
28. e5 Qxe5 29. Bh6 Bf3 30. Rf1 Bg4 31. Kb1 Qd4 32. Re1 Qf2 33. Rc1 Qg3 34. Ka1
Bf3 35. Rf1 Rg8 36. Qh7 Qg6 37. Qxg6 Rxg6 38. Rxf3 Rxh6 39. Ne4 Be5 40. Kb1 h4
41. Rh3 a5 42. Kc2 Bxf6 43. Nxf6+ Rxf6 44. Rxh4 e5 45. Rh5 e4 46. Kd2 Re6 47.
Ke3 Ke7 48. Rf5 f6 49. b4 cxb4 50. axb4 Re5 51. Rf1 axb4 52. Rb1 Kd6 53. Rxb4
Kc5 54. Rb5+ Kc6 55. Rb1 f5 56. Rf1 Kc5 57. Rb1 Re6 0-1

[Event "3. Campeonato de la Unión Europea"]
[Site "Arvier ITA"]
[Date "2007.06.20"]
[Round "6.2"]
[White "Caruana, Fabiano"]
[Black "Luther, Thomas"]
[Result "1/2-1/2"]
[WhiteElo "2513"]
[BlackElo "2586"]
[PlyCount "59"]
[EventDate "2007.06.15"]
[EventType "swiss"]
[EventRounds "10"]
[EventCountry "ITA"]
[Source "lmi"]
[SourceDate "2007.06.15"]

1. e4 e6 2. d4 d5 3. Nc3 Nf6 4. Bg5 dxe4 5. Nxe4 Nbd7 6. Nf3 h6 7. Nxf6+ Nxf6
8. Bxf6 Qxf6 9. Bb5+ c6 10. Bd3 Bd6 11. Qe2 Bd7 12. O-O O-O 13. Ne5 Rfd8 14.
Qe4 g6 15. Rae1 Be8 16. c3 Bxe5 17. Qxe5 Qxe5 18. Rxe5 b6 19. Bc4 Rac8 20. b4
Kg7 21. h3 Rc7 22. Rfe1 Bd7 23. Ra1 Ra8 24. Rae1 Rb8 25. Kh2 c5 26. bxc5 bxc5
27. d5 Rb2 28. f3 exd5 29. Bxd5 Bc6 30. Bxc6 1/2-1/2

[Event "3. Campeonato de la Unión Europea"]
[Site "Arvier ITA"]
[Date "2007.06.20"]
[Round "6.3"]
[White "Okhotnik, Vladimir"]
[Black "Agrest, Evgenij"]
[Result "1/2-1/2"]
[WhiteElo "2484"]
[BlackElo "2561"]
[PlyCount "28"]
[EventDate "2007.06.15"]
[EventType "swiss"]
[EventRounds "10"]
[EventCountry "ITA"]
[Source "lmi"]
[SourceDate "2007.06.15"]

1. e4 c5 2. c3 Nf6 3. e5 Nd5 4. d4 cxd4 5. Nf3 Nc6 6. cxd4 d6 7. exd6 e6 8. Bd3
Bxd6 9. O-O Ncb4 10. Be4 f5 11. Bxd5 Nxd5 12. Nc3 Nxc3 13. bxc3 O-O 14. Qb3 Bd7
1/2-1/2

[Event "3. Campeonato de la Unión Europea"]
[Site "Arvier ITA"]
[Date "2007.06.20"]
[Round "6.4"]
[White "Godena, Michele"]
[Black "D'Amore, Carlo"]
[Result "1-0"]
[WhiteElo "2558"]
[BlackElo "2476"]
[PlyCount "95"]
[EventDate "2007.06.15"]
[EventType "swiss"]
[EventRounds "10"]
[EventCountry "ITA"]
[Source "lmi"]
[SourceDate "2007.06.15"]

1. e4 g6 2. d4 Bg7 3. Nf3 d6 4. Bc4 e6 5. Bb3 Ne7 6. c3 b6 7. O-O h6 8. h4 Nd7
9. Re1 Bb7 10. Nbd2 Nf6 11. Ba4+ Kf8 12. Bc2 Ng4 13. Nf1 e5 14. Ne3 Qc8 15.
dxe5 dxe5 16. Qe2 Nxe3 17. Bxe3 Bf6 18. Rad1 Kg7 19. Bb3 a5 20. a4 Ba6 21. Bc4
Bb7 22. Bb3 Ba6 23. Qd2 Bb7 24. Bg5 hxg5 25. hxg5 Qg4 26. gxf6+ Kxf6 27. Nxe5
Qh4 28. Nd7+ Kg7 29. Qd4+ f6 30. Qxf6+ Qxf6 31. Nxf6 Kxf6 32. e5+ Kg5 33. Rd7
Nf5 34. Rxc7 Rab8 35. e6 Nh4 36. Re5+ Nf5 37. e7 Kf4 38. Re1 Ba8 39. Bf7 Nd6
40. Bxg6 Rbg8 41. Re6 Ne8 42. Rc4+ Kg5 43. f4+ Kg4 44. f5+ Kg5 45. Rc8 Bd5 46.
Rxb6 Ng7 47. Rxg8 Rxg8 48. Rd6 1-0

[Event "3. Campeonato de la Unión Europea"]
[Site "Arvier ITA"]
[Date "2007.06.20"]
[Round "6.5"]
[White "Foisor, Cristina Adela"]
[Black "Sulava, Nenad"]
[Result "1/2-1/2"]
[WhiteElo "2384"]
[BlackElo "2549"]
[PlyCount "22"]
[EventDate "2007.06.15"]
[EventType "swiss"]
[EventRounds "10"]
[EventCountry "ITA"]
[Source "lmi"]
[SourceDate "2007.06.15"]

1. c4 e6 2. g3 d5 3. Bg2 Nc6 4. Nf3 d4 5. O-O Nf6 6. d3 a5 7. e3 e5 8. exd4
exd4 9. Re1+ Be7 10. Na3 O-O 11. Nb5 Bb4 1/2-1/2